A TB OF PHARMACOGNOSY (Record no. 7108)

MARC details
000 -LEADER
fixed length control field 00302nam a2200133Ia 4500
008 - FIXED-LENGTH DATA ELEMENTS--GENERAL INFORMATION
fixed length control field 150301s2015 xx 000 0 und d
082 ## - DEWEY DECIMAL CLASSIFICATION NUMBER
Classification number 615.34
Item number P10K
100 ## - MAIN ENTRY--PERSONAL NAME
Personal name N. KUMAR
245 #2 - TITLE STATEMENT
Title A TB OF PHARMACOGNOSY
260 ## - PUBLICATION, DISTRIBUTION, ETC. (IMPRINT)
Name of publisher, distributor, etc. AITBS DELHI
300 ## - PHYSICAL DESCRIPTION
Extent 402
650 ## - SUBJECT ADDED ENTRY--TOPICAL TERM
Topical term or geographic name as entry element PHARMACOLOGY
942 ## - ADDED ENTRY ELEMENTS (KOHA)
Source of classification or shelving scheme Dewey Decimal Classification
Koha item type Books
Koha issues (borrowed), all copies 9
Holdings
Withdrawn status Lost status Source of classification or shelving scheme Damaged status Not for loan Collection code Home library Current library Date acquired Source of acquisition Cost, normal purchase price SGTU Bill Number Total Checkouts Full call number Barcode Date last seen Date last checked out Bill Date Koha item type Shelving location
    Dewey Decimal Classification     PHARMACY SGT FA-FP Library SGT FA-FP Library 02/07/2015 ABC DELHI 160.00 SGTU 492 12 615.34 P10K FP394 12/06/2025 28/05/2025 24/11/2014 Books  
    Dewey Decimal Classification     PHARMACY SGT FA-FP Library SGT FA-FP Library 02/07/2015 ABC DELHI 160.00 SGTU 492 8 615.34 P10K FP395 18/05/2026 15/05/2026 24/11/2014 Books  
    Dewey Decimal Classification     PHARMACY SGT FA-FP Library SGT FA-FP Library 02/07/2015 ABC DELHI 160.00 SGTU 492 9 615.34 P10K FP396 02/01/2026 02/01/2026 24/11/2014 Books  
    Dewey Decimal Classification     PHARMACY SGT FA-FP Library SGT FA-FP Library 02/07/2015 ABC DELHI 160.00 SGTU 492 2 615.34 P10K FP397 30/06/2016 24/06/2016 24/11/2014 Books Reference Book
    Dewey Decimal Classification     PHARMACY SGT FA-FP Library SGT FA-FP Library 02/07/2015 ABC DELHI 160.00 SGTU 492 6 615.34 P10K FP398 28/09/2017 28/09/2017 24/11/2014 Books  
    Dewey Decimal Classification     PHARMACY SGT FA-FP Library SGT FA-FP Library 02/07/2015 ABC DELHI 160.00 SGTU 492 9 615.34 P10K FP399 27/02/2026 13/02/2026 24/11/2014 Books